Men and rape: theory, research, and prevention programs in higher education

Gespeichert in:  
Bibliographische Detailangaben
Beteiligte: Berkowitz, Alan D. (Herausgegeben von)
Medienart: Druck Buch
Sprache:Englisch
Veröffentlicht: San Francisco, Calif. Jossey-Bass [u.a.] 1994
In: New directions for student services (65)
Jahr: 1994
Bestand in Tübingen:In Tübingen vorhanden.
UB: KB 8 E 5330
Verfügbarkeit prüfen: HBZ Gateway
Subito Bestelldienst: Jetzt bestellen.
Schlagwörter:

MARC

LEADER 00000cam a2200000 c 4500
001 1634917227
003 DE-627
005 20251225204145.0
007 tu
008 950208s1994 xxu||||| 00| ||eng c
020 |a 0787999717  |9 0-7879-9971-7 
035 |a (DE-627)1634917227 
035 |a (DE-576)043552382 
035 |a (DE-599)BSZ043552382 
035 |a (OCoLC)832535684 
035 |a (OCoLC)30115179 
035 |a (DE-604)8096263598 
040 |a DE-627  |b ger  |c DE-627  |e rakwb 
041 |a eng 
044 |c XD-US 
082 0 |a 362.883/0711 
084 |a 71.31  |2 bkl 
245 0 0 |a Men and rape  |b theory, research, and prevention programs in higher education  |c Alan D. Berkowitz 
264 1 |a San Francisco, Calif.  |b Jossey-Bass [u.a.]  |c 1994 
300 |a 91 S. 
336 |a Text  |b txt  |2 rdacontent 
337 |a ohne Hilfsmittel zu benutzen  |b n  |2 rdamedia 
338 |a Band  |b nc  |2 rdacarrier 
490 1 |a New directions for student services  |v 65 
583 1 |a Archivierung prüfen  |c 20200919  |f DE-640  |z 1  |2 pdager 
583 1 |a Archivierung prüfen  |c 20240324  |f DE-4165  |z 1  |2 pdager 
689 0 0 |d g  |0 (DE-588)4078704-7  |0 (DE-627)106076612  |0 (DE-576)209209682  |a USA  |2 gnd 
689 0 1 |d s  |0 (DE-588)4148217-7  |0 (DE-627)105570672  |0 (DE-576)209762829  |a College  |2 gnd 
689 0 2 |d s  |0 (DE-588)4038645-4  |0 (DE-627)106231251  |0 (DE-576)209031328  |a Menschenraub  |2 gnd 
689 0 3 |d s  |0 (DE-588)4076308-0  |0 (DE-627)104364106  |0 (DE-576)209201428  |a Prävention  |2 gnd 
689 0 |5 (DE-627) 
700 1 |a Berkowitz, Alan D.  |e Hrsg.  |4 edt 
830 0 |a New directions for student services  |v 65  |9 65  |w (DE-627)130086150  |w (DE-576)009458786  |w (DE-600)449196-8  |x 0164-7970  |7 am 
889 |w (DE-627)18179330X 
935 |i mdedup 
936 b k |a 71.31  |j Geschlechter und ihr Verhalten  |0 (DE-627)106412655 
951 |a BO 
ELC |b 1 
LOK |0 000 xxxxxcx a22 zn 4500 
LOK |0 001 3290603482 
LOK |0 003 DE-627 
LOK |0 004 1634917227 
LOK |0 005 19960509000000 
LOK |0 008 950208||||||||||||||||ger||||||| 
LOK |0 040   |a DE-21  |c DE-627  |d DE-21 
LOK |0 852   |a DE-21 
LOK |0 852 1  |c KB 8 E 5330  |9 00 
LOK |0 935   |a krim 
LOK |0 936ln  |a k10.10.3 
LOK |0 939   |a 08-02-95  |b l01 
ORI |a SA-MARC-krimdoka001.raw 
SIG |a UB: KB 8 E 5330